MARC

LEADER 00000nam0a2200000 4500
001 338885
005 20231102005106.0
035 |a (RuTPU)RU\TPU\book\365389 
090 |a 338885 
100 |a 20171205d1962 m y0rusy50 ca 
101 0 |a rus  |a eng 
102 |a RU 
105 |a a j 000zy 
200 1 |a Сборник тематических текстов для изучающих разговорную речь. Английский язык  |f Академия наук СССР (АН СССР) ; под ред. Е. Ф. Дмитриевой 
210 |a Москва  |c Изд-во Академии наук СССР  |d 1962 
215 |a 288 с.  |c ил. 
606 1 |a Английский язык  |x Учебные руководства и пособия  |x Пособия по развитию речи, разговорники  |2 stltpush  |3 (RuTPU)RU\TPU\subj\29074  |9 52486 
610 1 |a лексика 
610 1 |a разговорная речь 
610 1 |a устная речь 
610 1 |a темы 
610 1 |a тематические тесты 
610 1 |a чтение 
610 1 |a переводы 
686 |a Ш143.21-923.4  |v LBC/SL-A  |2 rubbk 
702 1 |a Дмитриева  |b Е. Ф.  |4 340 
712 0 2 |a Академия наук СССР (АН СССР)  |c (Ленинград/Москва)  |c (1925-1991)  |2 stltpush  |3 (RuTPU)RU\TPU\col\722 
801 1 |a RU  |b 63413507  |c 20171205 
801 2 |a RU  |b 63413507  |c 20190129  |g RCR 
942 |c BK